| 000 | 00717nam a2200229I 4500 | ||
|---|---|---|---|
| 003 | 0 | ||
| 008 | |||
| 090 | 0 | _aRC311.8 | |
| 100 | 1 | _aPio, Antonio | |
| 245 | 1 | 0 |
_aTuberculosis handbook/ _cAntonio Pio and Pierre Chaulet. |
| 260 |
_aGeneva _bAITBS _c2002. |
||
| 300 |
_aix, 88 p. _c23 cm. |
||
| 500 | _aBased on Handbook on tuberculosis for public health nurses, by V. H. Hodgson, published in 1939. | ||
| 650 | 0 |
_aTuberculosis _xHandbooks, manuals, etc. |
|
| 650 | 0 | _aPublic health nursing. | |
| 700 | 1 | _aChaulet, Pierre. | |
| 907 |
_a.b10202626 _b15-05-06 _c15-05-06 |
||
| 005 | 20230120203929.0 | ||
| 040 | _cNUST | ||
| 049 | _aMAIN | ||
| 942 |
_cBOOKS _kRC311.8 |
||
| 999 |
_c114084 _d114084 |
||